| 000 | 00602nam a2200205 a 4500 | ||
|---|---|---|---|
| 001 | 000043137 | ||
| 005 | 20201002040651.0 | ||
| 008 | 140220s1993 sp 000 0 spa d | ||
| 020 | _a847223374X | ||
| 040 |
_aDO-SdBNP _bspa _cBNPHU |
||
| 082 |
_axxx _bxxx |
||
| 100 | 1 |
_aRodríguez, Claudio, _d1934-1999. _970690 |
|
| 245 | 1 | 0 |
_aCasi una leyenda / _cClaudio Rodríguez. |
| 250 | _a3a ed. | ||
| 260 |
_aBarcelona : _bTusquets, _c1993. |
||
| 300 |
_a86 p. ; _c21 cm. |
||
| 490 | 1 |
_aMarginales _v112 |
|
| 500 | _aIncluye datos biográficos del autor en las solapas | ||
| 830 | 0 |
_aMarginales ; _n112 _970691 |
|
| 999 |
_c42626 _d42626 |
||